UBT Library

Spirale Muzgu (Record no. 60823)

000 -LEADER
fixed length control field 00288nam a22001337a 4500
008 - FIXED-LENGTH DATA ELEMENTS--GENERAL INFORMATION
fixed length control field 260218b ||||| |||| 00| 0 eng d
020 ## - INTERNATIONAL STANDARD BOOK NUMBER
International Standard Book Number 9951050166
041 ## - LANGUAGE CODE
Language code of text/sound track or separate title eng
080 ## - UNIVERSAL DECIMAL CLASSIFICATION NUMBER
Universal Decimal Classification number 2.1
100 ## - Rafti
Rafti 20.1
101 ## - Shkurtesa
Shkurtesa roman
245 ## - TITLE STATEMENT
Title Spirale Muzgu
Statement of responsibility, etc Ibrahim Kadriu
942 ## - ADDED ENTRY ELEMENTS (KOHA)
Source of classification or shelving scheme
Item type Books
Holdings
Withdrawn status Lost status Source of classification or shelving scheme Damaged status Not for loan Collection code Permanent location Current location Date acquired Total Checkouts Barcode Date last seen Price effective from Koha item type
          Koleksioni i përgjithshem UBT - Lipjan UBT - Lipjan 02/18/2026   002-800070999468 02/18/2026 02/18/2026 Books
          Koleksioni i përgjithshem UBT - Lipjan UBT - Lipjan 02/20/2026   002-800070999538 02/20/2026 02/20/2026 Books
          Koleksioni i përgjithshem UBT - Lipjan UBT - Lipjan 02/20/2026   002-800070999539 02/20/2026 02/20/2026 Books
          Koleksioni i përgjithshem UBT - Lipjan UBT - Lipjan 03/26/2026   003-800070999489 03/26/2026 03/26/2026 Books
          Koleksioni i përgjithshem UBT - Lipjan UBT - Lipjan 04/15/2026   003-800070999645 04/15/2026 04/15/2026 Books
          Koleksioni i përgjithshem UBT - Lipjan UBT - Lipjan 04/21/2026   003-800070999105 04/21/2026 04/21/2026 Books
          Koleksioni i përgjithshem UBT - Lipjan UBT - Lipjan 04/28/2026   003-800070999320 04/28/2026 04/28/2026 Books
UBT Library © 2015-2024. All rights reserved University Education for Business and Technology